[Event "TUR Cup"]
[Site "Antalya"]
[Date "2020.01.29"]
[Round "6"]
[White "Colak, Demir"]
[Black "Yalovali, Gorkem"]
[Result "0-1"]
[WhiteElo "1577"]
[BlackElo "1420"]
[PlyCount "78"]
[EventDate "2020.01.26"]
[EventType "swiss"]
[EventRounds "11"]
[EventCountry "TUR"]
[SourceTitle "CBM 194 Extra"]
[Source "ChessBase"]
[SourceDate "2020.03.31"]
[SourceVersion "1"]
[SourceVersionDate "2020.03.31"]
[SourceQuality "1"]

1. d4 Nf6 2. Nf3 g6 3. Bg5 Bg7 4. Nbd2 h6 5. Bf4 0-0 6. c3 d6 7. e4 c5 8. dxc5 dxc5 9. Be2 Nc6 10. 0-0 Nd7 11. Qc2 e5 12. Be3 f5 13. Bc4+ Kh8 14. Nb3 Qe7 15. Rad1 f4 16. Bc1 g5 17. g3 Bf6 18. h3 Nb6 19. Bd5 Bxh3 20. Rfe1 h5 21. Kh2 Bg4 22. Nbd2 h4 23. gxh4 Bxf3 24. Nxf3 g4 25. Nd2 Bxh4 26. Rg1 g3+ 27. Kg2 gxf2 28. Rh1 Nxd5 29. exd5 Rg8+ 30. Kf1 Qg5 31. Qe4 Ne7 32. Ke2 Nf5 33. Nf1 Qh5+ 34. Kd2 Rae8 35. b3 Rg1 36. Kc2 Rxh1 37. Qxh1 e4 38. Bxf4 e3 39. Ng3 Nxg3 0-1

[Event "TUR Cup"]
[Site "Antalya"]
[Date "2020.01.27"]
[Round "2"]
[White "Colak, Demir"]
[Black "Simsek, Ibrahim"]
[Result "1-0"]
[WhiteElo "1577"]
[BlackElo "1273"]
[PlyCount "47"]
[EventDate "2020.01.26"]
[EventType "swiss"]
[EventRounds "11"]
[EventCountry "TUR"]
[SourceTitle "CBM 194 Extra"]
[Source "ChessBase"]
[SourceDate "2020.03.31"]
[SourceVersion "1"]
[SourceVersionDate "2020.03.31"]
[SourceQuality "1"]

1. d4 d5 2. c4 Nf6 3. Nc3 e6 4. Bf4 Bb4 5. e3 0-0 6. Nf3 Ne4 7. Rc1 Nd7 8. Bd3 Ndf6 9. 0-0 Bxc3 10. bxc3 c6 11. cxd5 exd5 12. c4 Bg4 13. Rc2 Re8 14. h3 Bh5 15. cxd5 cxd5 16. g4 Bg6 17. Bc7 Qd7 18. Ne5 Qe6 19. f4 Nxg4 20. hxg4 f5 21. Bxe4 dxe4 22. g5 h6 23. d5 Qe7 24. d6 1-0